Исследование процессов получения тетрафторида циркония, пригодного для производства циркония ядерной чистоты: диссертация на соискание ученой степени кандидата технических наук; спец. 05.17.02

Bibliographische Detailangaben
1. Verfasser: Хмелев В. В. Валерий Владимирович
Körperschaft: Томский политехнический институт (ТПИ)
Weitere Verfasser: Лапин П. В. (научный руководитель)
Zusammenfassung:Защищена 23.05.1979 г.
For_staff_use
Sprache:Russisch
Veröffentlicht: Томск, 1978
Schlagworte:
Format: MixedMaterials Buch
KOHA link:https://koha.lib.tpu.ru/cgi-bin/koha/opac-detail.pl?biblionumber=233334

MARC

LEADER 00000nbm0a2200000 4500
001 233334
005 20231101231235.0
035 |a (RuTPU)RU\TPU\book\254411 
035 |a RU\TPU\book\254400 
090 |a 233334 
100 |a 20130301j19790523k y0rusy50 ca 
101 0 |a rus 
102 |a RU 
105 |a a m 001zy 
200 1 |a Исследование процессов получения тетрафторида циркония, пригодного для производства циркония ядерной чистоты  |e диссертация на соискание ученой степени кандидата технических наук  |e спец. 05.17.02  |f В. В. Хмелев  |g Томский политехнический институт (ТПИ) ; науч. рук. П. В. Лапин 
210 |a Томск  |d 1978 
215 |a 151 л.  |c ил. 
300 |a Защищена 23.05.1979 г. 
320 |a Библиогр.: с. 140-147 (148 назв.). 
371 0 |a For_staff_use 
606 1 |a Цирконий  |x Комплексные соединения  |2 stltpush  |3 (RuTPU)RU\TPU\subj\32836  |9 55258 
610 1 |a тетрафторид циркония 
610 1 |a получение 
610 1 |a очистка 
610 1 |a вакуумная сублимация 
610 1 |a гафний 
610 1 |a разделение 
610 1 |a активные добавки 
610 1 |a фтористый калий 
610 1 |a диссертации 
675 |a 661.88(04)  |v 3 
686 |a 05.17.02  |2 oksvnk 
700 1 |a Хмелев  |b В. В.  |g Валерий Владимирович 
702 1 |a Лапин  |b П. В.  |4 727 
712 0 2 |a Томский политехнический институт (ТПИ)  |c (1944-1991)  |2 stltpush  |3 (RuTPU)RU\TPU\col\1123 
801 1 |a RU  |b 63413507  |c 20130301 
801 2 |a RU  |b 63413507  |c 20130325  |g RCR 
942 |c BK